|
|
|
|
| LEADER |
00968nam a2200229 a 4500 |
| 001 |
015520572 |
| 008 |
120509s2010 enka 000 1 eng d |
| 020 |
|
|
|a 9780194247139 (pbk.)
|
| 020 |
|
|
|a 9780194246774 (bk. and MultiROM pack)
|
| 040 |
|
|
|a Uk
|b eng
|c Uk
|d BD-DhAAL
|
| 082 |
0 |
4 |
|a 428.62
|2 22
|
| 245 |
0 |
0 |
|a Tristan and Isolde /
|c retold by Bill Bowler ; illustrated by Brian Lee.
|
| 260 |
|
|
|a Oxford ;
|a New York :
|b Oxford University Press,
|c c2010
|
| 300 |
|
|
|a 51 p. :
|b col. ill. ;
|c 24 cm.
|
| 490 |
1 |
|
|a Dominoes. Starter level.
|
| 541 |
|
|
|e 00025135
|
| 650 |
|
0 |
|a Readers.
|
| 650 |
|
0 |
|a Readers
|v Caricatures and cartoons.
|
| 700 |
1 |
|
|a Lee,Brian
|
| 852 |
1 |
|
|a Ayesha Abed Library
|c General shelf.
|
| 999 |
|
|
|c 12226
|d 12226
|
| 952 |
|
|
|0 0
|1 0
|2 ddc
|4 0
|6 428_600000000000000_TRI
|7 0
|9 20255
|a BRACUL
|b BRACUL
|c GEN
|d 2012-05-23
|e Karim International
|g 604.00
|l 4
|m 12
|o 428.6 TRI
|p 3010025135
|q 2026-06-02
|r 2026-03-07
|s 2026-03-07
|t 1
|w 2012-05-23
|y BK
|x Transferred from BIL to BRACUL on 06/06/22
|